Movies Quiz

Random Movies Quiz

Movie Villains (Slideshow) Quiz Stats

 Plays Quiz not verified by Sporcle

Challenge
Share
Tweet
Score 0/43 Timer 12:00
0 Plays Today
% Correct
Jafar
87%
Sid
82.4%
Hades
81.5%
Hopper
69.4%
Randall
65.7%
Oogie Boogie
63.9%
Fairy Godmother
62%
Prince Charming
61.1%
Clayton
59.3%
Stinky Pete
59.3%
Doc Hopper
57.4%
Long John Silver
57.4%
Yzma
55.6%
Syndrome
55.6%
Bill Sykes
54.6%
Farquaad
49.1%
Rameses
45.4%
Chick Hicks
45.4%
Gantu
40.7%
Bowler Hat Guy
38.9%
Miss Finch
37%
Rourke
37%
% Correct
Alameda Slim
37%
Skinner
37%
Mr and Mrs Tweedy
36.1%
Scroop
33.3%
Kent Mansley
32.4%
Thrax
32.4%
Soto
31.5%
Vincent
31.5%
General Mandible
30.6%
Happy Chapman
30.6%
Toad
30.6%
Huxley
29.6%
Lino
28.7%
The Colonel
26.9%
Eris
26.9%
Tzekel-Kan
25.9%
Victor
25.9%
Ratchet
25%
Shaw
25%
Ken
25%
Fossas
24.1%

You're not logged in!

Compare scores with friends on all Sporcle quizzes.
OR
Log In

You Might Also Like...

Show Comments

Extras

Created May 14, 2016ReportNominate
Tags:Slideshow

Top Quizzes Today


Score Distribution

Your Account Isn't Verified!

In order to create a playlist on Sporcle, you need to verify the email address you used during registration. Go to your Sporcle Settings to finish the process.

Report this User

Report this user for behavior that violates our Community Guidelines.

Details: